Score 0/10 Timer 10:00
0 Plays Today
Hint Answer % Correct
Leader of the PPGBlossom
98.8%
Cute PPGBubbles
98.1%
Rough n' tough PPGButtercup
98.1%
Simian villainMojo Jojo
88.5%
Demonic villainHim
88.5%
Creator of the PPGProfessor
84.5%
#1's boy counterpartBrick
81.4%
#2's boy counterpartBoomer
79.5%
Teacher of the PPGMs. Keane
78.8%
#3's boy counterpartButch
78.8%
Remove Ads.
Support Sporcle.
Get the best of Sporcle when you Go Orange. This ad-free experience offers more features, more stats, and more fun while also helping to support Sporcle. Thank you for becoming a member.

You're not logged in!

Compare scores with friends on all Sporcle quizzes.
OR
Log In

Show Comments

Extras

Created Sep 13, 2013ReportNominate
Tags:Character, girl, Powerpuff Girls

Top Quizzes Today


Score Distribution

Your Account Isn't Verified!

In order to create a playlist on Sporcle, you need to verify the email address you used during registration. Go to your Sporcle Settings to finish the process.

Report this User

Report this user for behavior that violates our Community Guidelines.

Details: